| 000 | 00893cam a22002411 4500 | ||
|---|---|---|---|
| 001 | l 28000122 | ||
| 003 | DLC | ||
| 005 | 20260227111531.0 | ||
| 008 | 711222s1928 enk 000 0 eng | ||
| 010 | _al 28000122 | ||
| 035 | _a(OCoLC)186155 | ||
| 040 |
_aDLC _cOClW _dOCoLC _dDLC |
||
| 050 | 0 | 0 |
_aHD5650 _b.J8 |
| 100 | 1 |
_aGuillebaud, C. W. _q(Claude William), _d1890-1971. |
|
| 245 | 1 | 4 |
_aThe works council, _ba German experiment in industrial democracy, _cby C. W. Guillebaud ... |
| 260 |
_aCambridge, _bAt the University press, _c1928. |
||
| 300 |
_aviii, [1], 305, [1] p. _ccm. |
||
| 500 | _a"Appendix I. Act to establish works councils, February 4, 1920": p. 249-272. | ||
| 504 | _a"Bibliography of works consulted": p. 294-296. | ||
| 650 | 0 |
_aManagement _zGermany _xEmployee participation. |
|
| 650 | 0 |
_aLabor unions _zGermany. |
|
| 710 | 1 |
_aGermany (1918- ). _kLaws, statutes, etc. |
|
| 999 |
_c35904 _d35904 |
||